| 000 | 00679nam a2200181 4500 | ||
|---|---|---|---|
| 999 |
_c17371 _d17371 |
||
| 008 | 221003b ||||| |||| 00| 0 eng d | ||
| 020 | _a9786214182558 | ||
| 082 |
_22022 _aDFil 370.5 _bM725 |
||
| 100 |
_aMogol, Adonis A. _946226 |
||
| 245 |
_aDisaster and risk reduction management with COVID-19 modules / _cAdonis A. Mogol. |
||
| 250 | _aSecond edition. | ||
| 260 |
_aQuezon City : _bWiseman's Books Trading, Inc., _c©2022. |
||
| 300 |
_aiv, 162 pages : _billustrations ; _c25 cm. |
||
| 500 | _aIncludes glossary and bibliographical references. | ||
| 650 |
_aDisasters _xSafety regulations. _946227 |
||
| 650 |
_aSafety education _xProtection. _946228 |
||
| 942 |
_2ddc _cDFIL |
||